<?xml version="1.0" encoding="UTF-8"?>
<record
    xmlns:xsi="http://www.w3.org/2001/XMLSchema-instance"
    xsi:schemaLocation="http://www.loc.gov/MARC21/slim http://www.loc.gov/standards/marcxml/schema/MARC21slim.xsd"
    xmlns="http://www.loc.gov/MARC21/slim">

  <leader>01838cam a22003615a 4500</leader>
  <controlfield tag="001">17430552</controlfield>
  <controlfield tag="005">20161225135408.0</controlfield>
  <controlfield tag="008">120813t2013    ilua   frb    001 0 eng d</controlfield>
  <datafield tag="020" ind1=" " ind2=" ">
    <subfield code="a">9780867155730</subfield>
  </datafield>
  <datafield tag="040" ind1=" " ind2=" ">
    <subfield code="a">DNLM/DLC</subfield>
    <subfield code="c">DLC</subfield>
    <subfield code="d">DLC</subfield>
    <subfield code="d">EG-ScBUE</subfield>
    <subfield code="b">eng</subfield>
  </datafield>
  <datafield tag="041" ind1="1" ind2=" ">
    <subfield code="a">eng</subfield>
    <subfield code="h">ita</subfield>
  </datafield>
  <datafield tag="082" ind1="0" ind2="4">
    <subfield code="a">617.693</subfield>
    <subfield code="2">22</subfield>
    <subfield code="b">TER</subfield>
  </datafield>
  <datafield tag="100" ind1="1" ind2=" ">
    <subfield code="a">Terry, Douglas A.</subfield>
  </datafield>
  <datafield tag="245" ind1="1" ind2="0">
    <subfield code="a">Esthetic &amp; restorative dentistry :</subfield>
    <subfield code="b">material selection &amp; technique /</subfield>
    <subfield code="c">Douglas A. Terry, Willi Geller.</subfield>
  </datafield>
  <datafield tag="246" ind1="3" ind2=" ">
    <subfield code="a">Esthetic and restorative dentistry</subfield>
  </datafield>
  <datafield tag="250" ind1=" " ind2=" ">
    <subfield code="a">2nd ed.</subfield>
  </datafield>
  <datafield tag="260" ind1=" " ind2=" ">
    <subfield code="a">Hanover Park :</subfield>
    <subfield code="b">Quintessence Pub. Co,</subfield>
    <subfield code="c">c.2013.</subfield>
  </datafield>
  <datafield tag="300" ind1=" " ind2=" ">
    <subfield code="a">xxv, 725 p. :</subfield>
    <subfield code="b">ill. ;</subfield>
    <subfield code="c">31 cm.</subfield>
  </datafield>
  <datafield tag="500" ind1=" " ind2=" ">
    <subfield code="a">Rev. ed. of: Aesthetic &amp; restorative dentistry / Douglas A. Terry, Karl F. Leinfelder, Willi Geller. 1st ed. Stillwater, Minn. : Everest Pub. Media, c2009.</subfield>
  </datafield>
  <datafield tag="504" ind1=" " ind2=" ">
    <subfield code="a">Includes bibliographical references and index.</subfield>
  </datafield>
  <datafield tag="505" ind1="0" ind2=" ">
    <subfield code="a">Diagnostic and communication concepts -- Principles of tooth preparation -- Composite resins -- Ceramic materials -- The impression process -- Contemporary adhesive cements -- Provisionalization -- Esthetic post systems -- Mechanisms of adhesion -- Finishing and polishing esthetic restorative materials -- Dental photography -- Periodontal plastic surgery -- Interdisciplinary implantology -- Biomodification of tooth discoloration.</subfield>
  </datafield>
  <datafield tag="546" ind1=" " ind2=" ">
    <subfield code="a">Text in English  ; translated from original Italian.
</subfield>
  </datafield>
  <datafield tag="650" ind1=" " ind2="7">
    <subfield code="a">Esthetics, Dental</subfield>
    <subfield code="v">Atlases.</subfield>
    <subfield code="2">BUEsh</subfield>
  </datafield>
  <datafield tag="650" ind1=" " ind2="7">
    <subfield code="a">Dental Implantation</subfield>
    <subfield code="v">Atlases.</subfield>
    <subfield code="2">BUEsh</subfield>
  </datafield>
  <datafield tag="650" ind1=" " ind2="7">
    <subfield code="a">Dental Materials</subfield>
    <subfield code="v">Atlases.</subfield>
    <subfield code="2">BUEsh</subfield>
  </datafield>
  <datafield tag="650" ind1=" " ind2="7">
    <subfield code="a">Dental Restoration, Permanent</subfield>
    <subfield code="v">Atlases.</subfield>
    <subfield code="2">BUEsh</subfield>
  </datafield>
  <datafield tag="650" ind1=" " ind2="7">
    <subfield code="a">Dentistry, Operative</subfield>
    <subfield code="v">Atlases.</subfield>
    <subfield code="2">BUEsh</subfield>
  </datafield>
  <datafield tag="651" ind1=" " ind2=" ">
    <subfield code="2">BUEsh</subfield>
  </datafield>
  <datafield tag="653" ind1=" " ind2=" ">
    <subfield code="b">DDent</subfield>
    <subfield code="c">December2016</subfield>
  </datafield>
  <datafield tag="700" ind1="1" ind2=" ">
    <subfield code="a">Geller, Willi.</subfield>
  </datafield>
  <datafield tag="700" ind1="1" ind2=" ">
    <subfield code="a">Terry, Douglas A.</subfield>
    <subfield code="t">Aesthetic &amp; restorative dentistry.</subfield>
  </datafield>
  <datafield tag="942" ind1=" " ind2=" ">
    <subfield code="2">ddc</subfield>
  </datafield>
  <datafield tag="999" ind1=" " ind2=" ">
    <subfield code="c">23739</subfield>
    <subfield code="d">23711</subfield>
  </datafield>
  <datafield tag="952" ind1=" " ind2=" ">
    <subfield code="0">0</subfield>
    <subfield code="1">0</subfield>
    <subfield code="2">ddc</subfield>
    <subfield code="4">0</subfield>
    <subfield code="7">0</subfield>
    <subfield code="8">Scien. H.</subfield>
    <subfield code="a">MAIN</subfield>
    <subfield code="b">MAIN</subfield>
    <subfield code="c">1ST</subfield>
    <subfield code="d">2016-12-25</subfield>
    <subfield code="e">Purchase</subfield>
    <subfield code="g">3100.00</subfield>
    <subfield code="h">2689</subfield>
    <subfield code="l">3</subfield>
    <subfield code="m">16</subfield>
    <subfield code="o">617.693 TER</subfield>
    <subfield code="p">000040643</subfield>
    <subfield code="r">2025-07-15 00:00:00</subfield>
    <subfield code="s">2024-12-23</subfield>
    <subfield code="v">3875.00</subfield>
    <subfield code="y">BB</subfield>
  </datafield>
</record>
